000 00687nam a2200277Ia 4500
005 20260324120135.0
008 008 260324s9999 xx 000 0 eng d
020 _a9781315680996
037 _aEBOOK
040 _aCRL
040 _beng
040 _cCRL
041 _2eng
041 _aeng
084 _qCRL
100 _aNicholas C. Markovich; Wolfgang F. E. Preiser; Fred G. Sturm
_91157395
245 0 _aPueblo Style and Regional Architecture
260 _bTaylor and Francis
260 _c2015
365 _a
365 _b290
856 _uhttp://www.taylorfrancis.com/books/9781315680996
942 _cEBOOK
999 _c1748747
_d1748747